[Event "TUR-chT 2nd League"]
[Site "Konya"]
[Date "2019.07.26"]
[Round "7.6"]
[White "Ozturk, Hilal"]
[Black "Abdulla, Khayala Mardan Qizi"]
[Result "0-1"]
[WhiteElo "1797"]
[BlackElo "2283"]
[PlyCount "59"]
[EventDate "2019.07.22"]
[EventType "team-swiss"]
[EventRounds "9"]
[EventCountry "TUR"]
[SourceTitle "CBM 191 Extra"]
[Source "ChessBase"]
[SourceDate "2019.09.30"]
[SourceVersion "1"]
[SourceVersionDate "2019.09.30"]
[SourceQuality "1"]
[WhiteTeam "Istanbul Sisli"]
[BlackTeam "Denizli Ihtisas"]
[WhiteTeamCountry "TUR"]
[BlackTeamCountry "TUR"]

1. e4 c6 2. d4 d5 3. Nc3 dxe4 4. Nxe4 Nf6 5. Nxf6+ exf6 6. c3 Bd6 7. Bd3 0-0 8. Ne2 Re8 9. Qc2 h6 10. Be3 Qc7 11. h3 Nd7 12. 0-0 b5 13. a4 Bb7 14. Qd2 a6 15. Nf4 bxa4 16. Rxa4 c5 17. Rfa1 Nb6 18. Ra5 cxd4 19. cxd4 Qe7 20. R5a2 g5 21. d5 Bxf4 22. Bxf4 gxf4 23. Qxf4 Qf8 24. Qxf6 Nxd5 25. Qh4 Qg7 26. Ra4 Re5 27. g3 Rc8 28. Kh2 Nc7 29. Qc4 Ne6 30. Qb3 0-1

[Event "TUR-chT 2nd League"]
[Site "Konya"]
[Date "2019.07.25"]
[Round "5.5"]
[White "Ayazmali, Gizem"]
[Black "Ozturk, Hilal"]
[Result "1-0"]
[WhiteElo "1767"]
[BlackElo "1797"]
[PlyCount "43"]
[EventDate "2019.07.22"]
[EventType "team-swiss"]
[EventRounds "9"]
[EventCountry "TUR"]
[SourceTitle "CBM 191 Extra"]
[Source "ChessBase"]
[SourceDate "2019.09.30"]
[SourceVersion "1"]
[SourceVersionDate "2019.09.30"]
[SourceQuality "1"]
[WhiteTeam "Bursa Nida"]
[BlackTeam "Istanbul Sisli"]
[WhiteTeamCountry "TUR"]
[BlackTeamCountry "TUR"]

1. d4 Nf6 2. Nc3 d5 3. Bg5 h6 4. Bxf6 exf6 5. e4 Bb4 6. exd5 Qxd5 7. Qd2 Bxc3 8. Qxc3 0-0 9. Ne2 Re8 10. a3 a5 11. 0-0-0 b5 12. Qg3 Bf5 13. Nc3 Qb7 14. Bxb5 Rd8 15. Rhe1 Nc6 16. Qf4 Bg6 17. Bxc6 Qxc6 18. d5 Qb6 19. Qd4 Qa6 20. Qc5 Ra7 21. Re7 Rc8 22. d6 1-0

[Event "TUR-chT 2nd League"]
[Site "Konya"]
[Date "2018.07.21"]
[Round "8.15"]
[White "Ozturk, Hilal"]
[Black "Demirci, Husnegul"]
[Result "1-0"]
[WhiteElo "1803"]
[BlackElo "1275"]
[PlyCount "160"]
[EventDate "2018.07.16"]
[EventType "team-swiss"]
[EventRounds "9"]
[EventCountry "TUR"]
[SourceTitle "EXT 2019"]
[Source "ChessBase"]
[SourceDate "2018.10.10"]
[SourceVersion "1"]
[SourceVersionDate "2018.10.10"]
[SourceQuality "1"]
[WhiteTeam "Istanbul Sisli"]
[BlackTeam "Adamlari Amator"]
[WhiteTeamCountry "TUR"]
[BlackTeamCountry "TUR"]

1. e4 Nf6 2. e5 Nd5 3. d4 d6 4. c4 Nb6 5. exd6 cxd6 6. Nc3 g6 7. Nf3 Bg4 8. h3 Bxf3 9. Qxf3 Nc6 10. Be3 Bg7 11. Qd1 0-0 12. Be2 f5 13. d5 Ne5 14. Bd4 Rc8 15. b3 Rf7 16. f4 Ned7 17. 0-0 Nf6 18. Bf3 a5 19. Nb5 a4 20. Qe2 Nfd7 21. Bxg7 Kxg7 22. Nd4 Kg8 23. Rac1 axb3 24. axb3 Nf6 25. Ne6 Qd7 26. Rfd1 Na8 27. b4 Qa4 28. Ng5 Nc7 29. Nxf7 Kxf7 30. Re1 Re8 31. Qb2 Na6 32. Rb1 Rc8 33. Rec1 Qd7 34. Qd4 Nc7 35. Rd1 b5 36. c5 dxc5 37. bxc5 Rb8 38. Qe5 b4 39. d6 exd6 40. Rxd6 Qe7 41. Qxe7+ Kxe7 42. Rb6 Rxb6 43. cxb6 Na6 44. Be2 Nb8 45. Rxb4 Nd5 46. Rb3 Nxf4 47. Bf3 Kd6 48. Ra3 Kd7 49. Ra7+ Kd6 50. Ra8 Nd7 51. b7 h5 52. b8Q+ Nxb8 53. Rxb8 Ke5 54. Kf2 h4 55. Ke3 g5 56. Rb5+ Kf6 57. Kd4 Ne6+ 58. Ke3 Nc7 59. Ra5 Ke6 60. Kd4 Kf6 61. Bd1 Ne6+ 62. Ke3 Nf4 63. Kf3 Nd3 64. Be2 Ne5+ 65. Ke3 g4 66. hxg4 fxg4 67. Rxe5 Kxe5 68. Bxg4 Kf6 69. Kf4 Kg6 70. Bh3 Kh5 71. Kf5 Kh6 72. Kg4 Kg6 73. Kxh4 Kh6 74. Bf5 Kg7 75. Kg5 Kh8 76. Kh6 Kg8 77. g4 Kh8 78. g5 Kg8 79. g6 Kf8 80. g7+ Kf7 1-0

[Event "TUR-chT 2nd League"]
[Site "Konya"]
[Date "2018.07.20"]
[Round "7.13"]
[White "Haussernot, Cecile"]
[Black "Ozturk, Hilal"]
[Result "1/2-1/2"]
[WhiteElo "2200"]
[BlackElo "1803"]
[PlyCount "98"]
[EventDate "2018.07.16"]
[EventType "team-swiss"]
[EventRounds "9"]
[EventCountry "TUR"]
[SourceTitle "EXT 2019"]
[Source "ChessBase"]
[SourceDate "2018.10.10"]
[SourceVersion "1"]
[SourceVersionDate "2018.10.10"]
[SourceQuality "1"]
[WhiteTeam "Gaziantep Sader"]
[BlackTeam "Istanbul Sisli"]
[WhiteTeamCountry "TUR"]
[BlackTeamCountry "TUR"]

1. e4 e5 2. Nf3 Nc6 3. Bb5 a6 4. Ba4 d6 5. Bxc6+ bxc6 6. d4 exd4 7. Nxd4 c5 8. Ne2 g6 9. Nbc3 Bg7 10. 0-0 Ne7 11. Bg5 0-0 12. Qd2 Bb7 13. Ng3 Qd7 14. Bh6 Rad8 15. Bxg7 Kxg7 16. Qg5 Qe6 17. Nh5+ Kh8 18. Nf6 Ng8 19. Ncd5 Bxd5 20. Nxg8 Kxg8 21. exd5 Qe2 22. Qc1 Rfe8 23. Re1 Qc4 24. Qd2 Rxe1+ 25. Rxe1 Qxa2 26. b3 Qb2 27. Qa5 Kg7 28. Qxa6 Qxc2 29. Qa1+ Kg8 30. Qa5 Qxb3 31. Qxc7 Qb8 32. Qe7 Rf8 33. h4 Qd8 34. Qe4 Qf6 35. Re3 h5 36. Rf3 Qa1+ 37. Kh2 Qe5+ 38. Qxe5 dxe5 39. Rc3 Rc8 40. d6 f6 41. d7 Rd8 42. Rxc5 Rxd7 43. Rc8+ Kf7 44. Rh8 Ke6 45. Kg3 Rd4 46. Ra8 Rg4+ 47. Kh3 Rd4 48. Kg3 Rg4+ 49. Kh3 Rd4 1/2-1/2

[Event "TUR-chT 2nd League"]
[Site "Konya"]
[Date "2018.07.17"]
[Round "3.11"]
[White "Ozturk, Hilal"]
[Black "Turkkan, Ece"]
[Result "1-0"]
[WhiteElo "1803"]
[BlackElo "1532"]
[PlyCount "63"]
[EventDate "2018.07.16"]
[EventType "team-swiss"]
[EventRounds "9"]
[EventCountry "TUR"]
[SourceTitle "EXT 2019"]
[Source "ChessBase"]
[SourceDate "2018.10.10"]
[SourceVersion "1"]
[SourceVersionDate "2018.10.10"]
[SourceQuality "1"]
[WhiteTeam "Istanbul Sisli"]
[BlackTeam "Karaman Yunus Ortaokulu"]
[WhiteTeamCountry "TUR"]
[BlackTeamCountry "TUR"]

1. e4 d6 2. d4 g6 3. Nc3 Nf6 4. Be3 Nbd7 5. f3 c6 6. Qd2 Bg7 7. Bd3 0-0 8. Bh6 b5 9. Nge2 Qc7 10. Bxg7 Kxg7 11. g4 b4 12. Nd1 c5 13. b3 a5 14. h4 Bb7 15. h5 Rh8 16. Ne3 cxd4 17. Nxd4 d5 18. h6+ Kf8 19. 0-0-0 Qc5 20. Bb5 Nb6 21. e5 Nfd7 22. e6 Nf6 23. g5 Ne8 24. exf7 Nc7 25. Ng4 Ba6 26. Bc6 Ra7 27. Qf4 Qc3 28. Kb1 Nc4 29. bxc4 Bxc4 30. Qe5 Bxa2+ 31. Kxa2 Qa3+ 32. Kb1 1-0

[Event "TUR-chT 2nd League"]
[Site "Konya"]
[Date "2018.07.16"]
[Round "1.14"]
[White "Acar, Selen"]
[Black "Ozturk, Hilal"]
[Result "0-1"]
[WhiteElo "1289"]
[BlackElo "1803"]
[PlyCount "86"]
[EventDate "2018.07.16"]
[EventType "team-swiss"]
[EventRounds "9"]
[EventCountry "TUR"]
[SourceTitle "EXT 2019"]
[Source "ChessBase"]
[SourceDate "2018.10.10"]
[SourceVersion "1"]
[SourceVersionDate "2018.10.10"]
[SourceQuality "1"]
[WhiteTeam "Ayidin Nazilli Belediyesi"]
[BlackTeam "Istanbul Sisli"]
[WhiteTeamCountry "TUR"]
[BlackTeamCountry "TUR"]

1. d4 Nf6 2. c4 e6 3. Nc3 c5 4. Nf3 Be7 5. e4 cxd4 6. Nxd4 d6 7. Be3 0-0 8. Be2 a6 9. f4 Nc6 10. 0-0 Rb8 11. Bf3 Nxd4 12. Qxd4 b5 13. e5 dxe5 14. Qxd8 Bxd8 15. fxe5 Nd7 16. cxb5 axb5 17. Bd4 Bc7 18. Rfe1 b4 19. Na4 Rb5 20. Bc6 Ra5 21. Rac1 Nxe5 22. Bc5 Rxc5 23. Rxc5 Nd3 24. Kf1 Ba6 25. Rc2 b3 26. Rc3 Ba5 27. Re3 Bxc3 28. Nxc3 bxa2 29. Nxa2 Nb4+ 30. Kf2 Nxc6 31. Rc3 Rc8 32. b4 Nd4 33. Ra3 Bc4 34. Nc3 h6 35. Ra7 Nb5 36. Nxb5 Bxb5 37. Rb7 Bc6 38. Rb6 Bd5 39. Kg3 Kf8 40. Kh3 Ke7 41. b5 Rc3+ 42. g3 Rb3 43. Kh4 e5 0-1

[Event "TUR-chT"]
[Site "Kocaeli"]
[Date "2014.08.26"]
[Round "10.8"]
[White "Ozturk, Hilal"]
[Black "Abdimanoglu, Beste Basak"]
[Result "0-1"]
[WhiteElo "1816"]
[BlackElo "1872"]
[PlyCount "74"]
[EventDate "2014.08.18"]
[EventType "team-tourn"]
[EventRounds "13"]
[EventCountry "TUR"]
[SourceTitle "CBM 162 Extra"]
[Source "ChessBase"]
[SourceDate "2014.10.17"]
[SourceVersion "1"]
[SourceVersionDate "2014.10.17"]
[SourceQuality "1"]
[WhiteTeam "Turk Hava Yollari"]
[BlackTeam "Hatay Buyuksehir"]
[WhiteTeamCountry "TUN"]
[BlackTeamCountry "TUR"]

1. e4 d6 2. d4 g6 3. Nc3 Bg7 4. Be3 a6 5. Nf3 b5 6. a4 b4 7. Nd5 a5 8. Bc4 e6 9. Nf4 Bb7 10. Qd3 Nf6 11. Ng5 Qe7 12. e5 dxe5 13. dxe5 Ng4 14. Nxf7 Nxe3 15. Qxe3 Qxf7 16. Nxe6 Qe7 17. 0-0-0 Nc6 18. Rhe1 Nd8 19. Nxg7+ Qxg7 20. e6 Nc6 21. Rd7 Ne7 22. Red1 0-0 23. Rxc7 Ba6 24. Rdd7 Rfe8 25. Bb3 Qf6 26. Qc5 Qf4+ 27. Kb1 Nf5 28. Rxh7 Qe4 29. Rhf7 Rad8 30. e7 Rd1+ 31. Ka2 Nd4 32. Rf8+ Kg7 33. Rxe8 Nxb3 34. Kxb3 Qe6+ 35. c4 bxc3+ 36. Kc2 Qe2+ 37. Kxc3 Qd3# 0-1

[Event "Kemer Turkey Cup"]
[Site "Kemer"]
[Date "2014.02.05"]
[Round "6"]
[White "Kaplan, Bahadir"]
[Black "Ozturk, Hilal"]
[Result "0-1"]
[WhiteElo "1962"]
[BlackElo "1807"]
[PlyCount "78"]
[EventDate "2014.02.01"]
[EventType "swiss"]
[EventRounds "9"]
[EventCountry "TUR"]
[SourceTitle "CBM 158 Extra"]
[Source "ChessBase"]
[SourceDate "2014.02.28"]
[SourceVersion "1"]
[SourceVersionDate "2014.02.28"]
[SourceQuality "1"]

1. d4 Nf6 2. c4 e6 3. Nf3 c5 4. d5 exd5 5. cxd5 d6 6. Nc3 g6 7. Bf4 Bg7 8. Qa4+ Bd7 9. Qb3 Qc7 10. h3 b5 11. Nxb5 Qa5+ 12. Nc3 Nxd5 13. Qxd5 Bxc3+ 14. Bd2 Bxd2+ 15. Nxd2 0-0 16. e3 Bc6 17. Qb3 Nd7 18. Qc3 Qc7 19. h4 d5 20. 0-0-0 d4 21. Qc2 Qa5 22. h5 Bd5 23. hxg6 fxg6 24. Bc4 Bf7 25. Ne4 Qb4 26. Bxf7+ Rxf7 27. a3 Qb6 28. Qc4 Rb8 29. Rd2 Ne5 30. Qa2 Kh8 31. f4 dxe3 32. Rd6 Qb5 33. fxe5 Rf1+ 34. Rxf1 Qxf1+ 35. Kc2 Qxg2+ 36. Kd3 e2 37. Kd2 Qxe4 38. Ke1 Qxe5 39. Rd2 Re8 0-1

[Event "Kemer Turkey Cup"]
[Site "Kemer"]
[Date "2014.02.02"]
[Round "2"]
[White "Koc, Zeki"]
[Black "Ozturk, Hilal"]
[Result "1-0"]
[WhiteElo "1558"]
[BlackElo "1807"]
[PlyCount "57"]
[EventDate "2014.02.01"]
[EventType "swiss"]
[EventRounds "9"]
[EventCountry "TUR"]
[SourceTitle "CBM 158 Extra"]
[Source "ChessBase"]
[SourceDate "2014.02.28"]
[SourceVersion "1"]
[SourceVersionDate "2014.02.28"]
[SourceQuality "1"]

1. d4 Nf6 2. Nf3 e6 3. e3 c5 4. Bd3 d5 5. b3 Nc6 6. 0-0 Bd6 7. Bb2 0-0 8. Nbd2 cxd4 9. exd4 Qe7 10. Re1 Nb4 11. Nf1 b6 12. Ne5 Nxd3 13. Qxd3 Ne4 14. c4 f6 15. Nf3 Ba6 16. Rac1 Qf7 17. Ne3 Rac8 18. Re2 Rfd8 19. Nd2 Qh5 20. h3 Nc5 21. dxc5 dxc4 22. Qe4 Qxe2 23. Qxe6+ Kh8 24. Bxf6 Rf8 25. Bxg7+ Kxg7 26. Nf5+ Rxf5 27. Qxe2 Rfxc5 28. Qg4+ Kf8 29. Ne4 1-0

[Event "Istanbul op-A 12th"]
[Site "Istanbul"]
[Date "2013.10.18"]
[Round "9"]
[White "Erece, Ece Alkim"]
[Black "Ozturk, Hilal"]
[Result "1-0"]
[WhiteElo "1650"]
[BlackElo "1809"]
[PlyCount "131"]
[EventDate "2013.10.12"]
[EventType "swiss"]
[EventRounds "9"]
[EventCountry "TUR"]
[SourceTitle "EXT 2014"]
[Source "ChessBase"]
[SourceDate "2013.11.20"]
[SourceVersion "1"]
[SourceVersionDate "2013.11.20"]
[SourceQuality "1"]

1. e4 e5 2. Nf3 Nc6 3. d4 exd4 4. Bc4 Nf6 5. 0-0 Bc5 6. c3 Nxe4 7. cxd4 d5 8. dxc5 dxc4 9. Qe2 Qd3 10. Qxd3 cxd3 11. Re1 f5 12. Nc3 0-0 13. Nxe4 fxe4 14. Rxe4 Bf5 15. Re1 Nb4 16. Re7 Nd5 17. Re1 Bg4 18. Ne5 Be2 19. Bd2 Rf5 20. Nc4 Nf6 21. b4 Rd8 22. f3 Nd7 23. Na5 Rb8 24. c6 b6 25. cxd7 bxa5 26. Rac1 axb4 27. Rxc7 Rd5 28. Bxb4 Rd8 29. Rxa7 R8xd7 30. Rxd7 Rxd7 31. Bd2 Rc7 32. Rc1 Rb7 33. Rc8+ Kf7 34. Bc1 Bd1 35. Kf2 Re7 36. Be3 Rb7 37. Bc1 Bc2 38. Rd8 Rb1 39. Bd2 Rb2 40. Rd7+ Kf8 41. a3 Ba4 42. Rxd3 Bc2 43. Rd7 Bf5 44. Rd4 Ra2 45. Kg3 Kf7 46. a4 Bc8 47. Bc3 g6 48. Rc4 Bd7 49. a5 Ke6 50. Rf4 Bb5 51. Rf6+ Ke7 52. Rb6 Bf1 53. Rb7+ Ke8 54. Rxh7 Rxg2+ 55. Kf4 Bd3 56. Ke3 Bf1 57. Rg7 Bc4 58. h4 Rc2 59. Rxg6 Rxc3+ 60. Kd4 Rxf3 61. Kxc4 Rf4+ 62. Kb5 Rxh4 63. a6 Rh1 64. a7 Rb1+ 65. Ka6 Ra1+ 66. Kb7 1-0

[Event "Istanbul op-A 12th"]
[Site "Istanbul"]
[Date "2013.10.16"]
[Round "7"]
[White "Ozveren, Ali Bulent"]
[Black "Ozturk, Hilal"]
[Result "1-0"]
[WhiteElo "2017"]
[BlackElo "1809"]
[PlyCount "53"]
[EventDate "2013.10.12"]
[EventType "swiss"]
[EventRounds "9"]
[EventCountry "TUR"]
[SourceTitle "EXT 2014"]
[Source "ChessBase"]
[SourceDate "2013.11.20"]
[SourceVersion "1"]
[SourceVersionDate "2013.11.20"]
[SourceQuality "1"]

1. Nf3 Nf6 2. c4 e6 3. g3 b6 4. Bg2 Bb7 5. 0-0 Be7 6. d3 0-0 7. Nc3 d5 8. cxd5 exd5 9. Nd4 Qd7 10. e4 dxe4 11. dxe4 Rd8 12. Be3 Ng4 13. Nf5 Nxe3 14. Nxe3 Na6 15. Nf5 Bf6 16. Qg4 Nc5 17. Rfd1 Qe6 18. Nd5 Rd7 19. Rd2 Rad8 20. Rad1 Kh8 21. Nxf6 Qxf6 22. e5 Qg6 23. Qh4 f6 24. Rxd7 Rxd7 25. Rxd7 Nxd7 26. Bxb7 Qxf5 27. Be4 1-0

[Event "Istanbul op-A 12th"]
[Site "Istanbul"]
[Date "2013.10.12"]
[Round "1"]
[White "Ozturk, Hilal"]
[Black "Annaberdiev, Meilis"]
[Result "0-1"]
[WhiteElo "1809"]
[BlackElo "2431"]
[PlyCount "68"]
[EventDate "2013.10.12"]
[EventType "swiss"]
[EventRounds "9"]
[EventCountry "TUR"]
[SourceTitle "EXT 2014"]
[Source "ChessBase"]
[SourceDate "2013.11.20"]
[SourceVersion "1"]
[SourceVersionDate "2013.11.20"]
[SourceQuality "1"]

1. e4 e6 2. d4 d5 3. Nd2 Nf6 4. e5 Nfd7 5. Bd3 c5 6. c3 Nc6 7. Ne2 cxd4 8. cxd4 Qb6 9. Nf3 f6 10. exf6 Bb4+ 11. Bd2 Nxf6 12. 0-0 0-0 13. Re1 Bd7 14. a3 Bd6 15. Bf4 e5 16. dxe5 Ng4 17. Rf1 Ncxe5 18. Nxe5 Bxe5 19. Bxe5 Nxe5 20. Bc2 Qd6 21. Qd2 Bb5 22. Rad1 Ng4 23. g3 Rae8 24. Bd3 Bxd3 25. Qxd3 Ne5 26. Qc2 Nf3+ 27. Kg2 Qh6 28. h4 Qh5 29. Nd4 Nxh4+ 30. Kg1 Rf4 31. Qc3 Qg4 32. Rfe1 Ref8 33. Qe3 Re4 34. Qd3 Rxd4 0-1

[Event "TUR-chT"]
[Site "Denizli"]
[Date "2013.06.29"]
[Round "1.10"]
[White "Ozaltun, Ecem"]
[Black "Ozturk, Hilal"]
[Result "0-1"]
[WhiteElo "1512"]
[BlackElo "1843"]
[PlyCount "96"]
[EventDate "2013.06.29"]
[EventType "team-tourn"]
[EventRounds "13"]
[EventCountry "TUR"]
[SourceTitle "CBM 155 Extra"]
[Source "ChessBase"]
[SourceDate "2013.08.26"]
[SourceVersion "1"]
[SourceVersionDate "2013.08.26"]
[SourceQuality "1"]
[WhiteTeam "Aliaga Genclik"]
[BlackTeam "Istanbul Teknik Uni"]
[WhiteTeamCountry "TUR"]
[BlackTeamCountry "TUR"]

1. d4 Nf6 2. Nf3 e6 3. e3 b6 4. Bd3 Bb7 5. 0-0 Be7 6. b3 0-0 7. Bb2 d5 8. Nbd2 c5 9. Rc1 Nc6 10. a3 Rc8 11. Ne5 Nd7 12. f4 f6 13. Qh5 f5 14. Nxd7 Qxd7 15. Rf3 Bf6 16. Bb5 Qf7 17. Qxf7+ Kxf7 18. Bxc6 Rxc6 19. c4 Rcc8 20. Rff1 Rfd8 21. Nf3 dxc4 22. bxc4 Bxf3 23. gxf3 cxd4 24. e4 Be7 25. Rfd1 d3 26. Kf1 Bc5 27. Be5 Rd7 28. Rc3 Rcd8 29. Ke1 Kg6 30. Rd2 Kf7 31. Rg2 g6 32. Rd2 Be7 33. Kf2 Bc5+ 34. Ke1 Be3 35. Rd1 h6 36. h4 g5 37. fxg5 hxg5 38. hxg5 Bxg5 39. exf5 exf5 40. f4 Be7 41. Kf1 Bc5 42. Kg2 d2 43. Kf1 Rg8 44. Rh3 Rg1+ 45. Ke2 Rg2+ 46. Kf3 Rf2+ 47. Kg3 Rd3+ 48. Kh4 Be7+ 0-1

[Event "Skopje Karposh op"]
[Site "Skopje"]
[Date "2013.03.13"]
[Round "6"]
[White "Ozturk, Hilal"]
[Black "Hadzi Manev, Ljubomir"]
[Result "0-1"]
[WhiteElo "1848"]
[BlackElo "2071"]
[PlyCount "89"]
[EventDate "2013.03.09"]
[EventType "swiss"]
[EventRounds "9"]
[EventCountry "MKD"]
[SourceTitle "CBM 153 Extra"]
[Source "ChessBase"]
[SourceDate "2013.04.22"]
[SourceVersion "1"]
[SourceVersionDate "2013.04.22"]
[SourceQuality "1"]

1. e4 c5 2. c3 d5 3. exd5 Qxd5 4. d4 Nc6 5. Nf3 Bg4 6. Be2 e6 7. h3 Bh5 8. c4 Qd6 9. d5 Bxf3 10. Bxf3 Qe5+ 11. Be3 0-0-0 12. Nc3 Nd4 13. 0-0 Nxf3+ 14. Qxf3 Bd6 15. g3 Nh6 16. Nb5 Bb8 17. Bxc5 a6 18. Nc3 Nf5 19. Na4 Bc7 20. Rfe1 Qf6 21. dxe6 fxe6 22. Ba7 Nd4 23. Qxf6 gxf6 24. Red1 e5 25. Bc5 Rd7 26. Nc3 f5 27. Nd5 Nf3+ 28. Kg2 e4 29. Ne7+ Kd8 30. Nxf5 Be5 31. Rxd7+ Kxd7 32. Ba3 Ke6 33. Ne3 h5 34. Rc1 Rc8 35. Bb4 Bxb2 36. Rb1 Bd4 37. c5 Rc6 38. Ba3 Bxc5 39. Bxc5 Rxc5 40. Rxb7 Ra5 41. Rb6+ Kf7 42. Rb2 Rc5 43. Rb7+ Ke6 44. Rb4 Ke5 45. Nc4+ 0-1

[Event "TUR-ch"]
[Site "Antalya"]
[Date "2013.02.07"]
[Round "8"]
[White "Ozturk, Hilal"]
[Black "Ozen, Ali"]
[Result "1-0"]
[WhiteElo "1844"]
[BlackElo "1679"]
[PlyCount "139"]
[EventDate "2013.02.02"]
[EventType "swiss"]
[EventRounds "11"]
[EventCountry "TUR"]
[SourceTitle "CBM 152 Extra"]
[Source "ChessBase"]
[SourceDate "2013.02.25"]
[SourceVersion "1"]
[SourceVersionDate "2013.02.25"]
[SourceQuality "1"]

1. e4 e5 2. Nf3 Nf6 3. Nxe5 d6 4. Nf3 Nxe4 5. d4 d5 6. Bd3 Be7 7. 0-0 0-0 8. Re1 Ng5 9. Nxg5 Bxg5 10. Qh5 h6 11. Bxg5 Qxg5 12. Qxg5 hxg5 13. Re5 Nc6 14. Rxd5 Nb4 15. Rxg5 Nxd3 16. cxd3 Rd8 17. d5 f6 18. Rg3 Rxd5 19. Nc3 Re5 20. d4 Re7 21. Nd5 Rf7 22. Re1 Kf8 23. Rge3 Bf5 24. Rf3 Bg4 25. Rf4 f5 26. h4 Rd8 27. Ne3 Bh5 28. Nf1 Rd5 29. Ng3 g6 30. Re6 Kg7 31. f3 Rfd7 32. Ne2 Kf7 33. Re3 g5 34. hxg5 Bg6 35. g4 Kg7 36. gxf5 Bxf5 37. Nc3 Ra5 38. d5 Bg6 39. Rd4 Bf7 40. Red3 Kg6 41. f4 Kf5 42. Re3 b5 43. Re5+ Kg6 44. Rb4 a6 45. Kf2 Rd6 46. f5+ Kxg5 47. Ne4+ Kh6 48. Nxd6 cxd6 49. Ree4 Bxd5 50. Red4 Bc4 51. Rxd6+ Kg7 52. a3 Ra4 53. Rxa4 bxa4 54. Ke3 Kf7 55. Kd4 Bf1 56. Kc5 Ke7 57. Rh6 Bd3 58. f6+ Ke6 59. Kd4 Bb5 60. Ke3 Bc4 61. Kf4 Kf7 62. Ke5 Kg8 63. Rg6+ Kf7 64. Rg7+ Kf8 65. Ra7 Be2 66. Kd6 Ke8 67. f7+ Kf8 68. Ke6 Bc4+ 69. Kf6 Bd5 70. Rd7 1-0

[Event "TUR-ch"]
[Site "Antalya"]
[Date "2013.02.03"]
[Round "3"]
[White "Atas, Remzi"]
[Black "Ozturk, Hilal"]
[Result "0-1"]
[WhiteElo "1606"]
[BlackElo "1844"]
[PlyCount "96"]
[EventDate "2013.02.02"]
[EventType "swiss"]
[EventRounds "11"]
[EventCountry "TUR"]
[SourceTitle "CBM 152 Extra"]
[Source "ChessBase"]
[SourceDate "2013.02.25"]
[SourceVersion "1"]
[SourceVersionDate "2013.02.25"]
[SourceQuality "1"]

1. e4 e5 2. Nf3 Nc6 3. Bb5 a6 4. Ba4 Nf6 5. d3 d6 6. h3 Be7 7. c3 b5 8. Bc2 Bb7 9. Bg5 0-0 10. 0-0 d5 11. Qe2 Qd6 12. Nbd2 Rad8 13. Rad1 Nd7 14. Bxe7 Nxe7 15. Rfe1 Ng6 16. g3 f5 17. Bb3 Kh8 18. Bxd5 Bxd5 19. exd5 Qxd5 20. c4 Qd6 21. Ng5 Qb6 22. Nb3 Rde8 23. Qh5 Nf6 24. Qe2 e4 25. c5 Qc6 26. h4 h6 27. Nh3 exd3 28. Qxd3 Ne5 29. Rxe5 Rxe5 30. Nf4 Kh7 31. Nd4 Qe4 32. Qb3 Rd8 33. Nde2 Rxd1+ 34. Qxd1 Rxc5 35. Qb3 Qb1+ 36. Kg2 Qe4+ 37. f3 Qc4 38. Qe3 Nd5 39. Qe6 Nxf4+ 40. Nxf4 Qxe6 41. Nxe6 Rc2+ 42. Kh3 Rxb2 43. Nxc7 Rxa2 44. Ne6 b4 45. Nd4 Ra3 46. Nc2 a5 47. f4 Rc3 48. Nd4 b3 0-1

[Event "Wch U16 Girls"]
[Site "Maribor"]
[Date "2012.11.18"]
[Round "11.22"]
[White "Paredes Bustamante, Paula Elizabeth"]
[Black "Ozturk, Hilal"]
[Result "1-0"]
[WhiteElo "1946"]
[BlackElo "1818"]
[PlyCount "69"]
[EventDate "2012.11.08"]
[EventType "swiss"]
[EventRounds "11"]
[EventCountry "SLO"]
[SourceTitle "EXT 2013"]
[Source "ChessBase"]
[SourceDate "2012.11.22"]
[SourceVersion "1"]
[SourceVersionDate "2012.11.22"]
[SourceQuality "1"]

1. e4 e5 2. Nf3 Nc6 3. Bb5 a6 4. Ba4 Nf6 5. 0-0 Be7 6. Re1 b5 7. Bb3 d6 8. c3 0-0 9. h3 Na5 10. Bc2 c5 11. d4 Qc7 12. Nbd2 cxd4 13. cxd4 Nc6 14. Nb3 a5 15. Be3 a4 16. Nbd2 Bd7 17. Rc1 Qb7 18. Nf1 Rfe8 19. g4 exd4 20. Nxd4 Nb4 21. Bb1 Bf8 22. Ng3 a3 23. b3 d5 24. e5 Rxe5 25. g5 Ne4 26. Bf4 Ree8 27. Rc7 Qb8 28. Nxe4 dxe4 29. Bxe4 Ra6 30. Rxd7 Qxf4 31. Bxh7+ Kxh7 32. Rxe8 Qxg5+ 33. Kf1 Bc5 34. Rdd8 Rf6 35. Qb1+ 1-0

[Event "Wch U16 Girls"]
[Site "Maribor"]
[Date "2012.11.16"]
[Round "9.34"]
[White "Ozturk, Hilal"]
[Black "Santos, Ines Lima"]
[Result "1-0"]
[WhiteElo "1818"]
[BlackElo "1734"]
[PlyCount "53"]
[EventDate "2012.11.08"]
[EventType "swiss"]
[EventRounds "11"]
[EventCountry "SLO"]
[SourceTitle "EXT 2013"]
[Source "ChessBase"]
[SourceDate "2012.11.22"]
[SourceVersion "1"]
[SourceVersionDate "2012.11.22"]
[SourceQuality "1"]

1. e4 e5 2. Nf3 Nc6 3. Bb5 a6 4. Ba4 Nf6 5. 0-0 Be7 6. Re1 b5 7. Bb3 0-0 8. h3 Bc5 9. c3 Re8 10. d4 exd4 11. e5 Nh5 12. Ng5 d5 13. Qxh5 h6 14. Qxf7+ Kh8 15. Bxd5 Nxe5 16. Qh5 Bg4 17. hxg4 Qxd5 18. Bf4 Ng6 19. Rxe8+ Rxe8 20. Nd2 dxc3 21. Qxg6 Qg8 22. Nf7+ Qxf7 23. Qxf7 Rf8 24. Qxc7 cxb2 25. Rb1 Bd4 26. Nf3 Bf6 27. Ne5 1-0

[Event "Wch U16 Girls"]
[Site "Maribor"]
[Date "2012.11.15"]
[Round "8.24"]
[White "Navrotescu, Andreea Cristiana"]
[Black "Ozturk, Hilal"]
[Result "1-0"]
[WhiteElo "2133"]
[BlackElo "1818"]
[PlyCount "63"]
[EventDate "2012.11.08"]
[EventType "swiss"]
[EventRounds "11"]
[EventCountry "SLO"]
[SourceTitle "EXT 2013"]
[Source "ChessBase"]
[SourceDate "2012.11.22"]
[SourceVersion "1"]
[SourceVersionDate "2012.11.22"]
[SourceQuality "1"]

1. d4 Nf6 2. Nf3 e6 3. e3 b6 4. Bd3 Bb7 5. 0-0 Be7 6. c4 0-0 7. Nc3 d5 8. b3 Nbd7 9. Bb2 Rc8 10. cxd5 exd5 11. Ne5 a6 12. Qe2 Ra8 13. f4 c5 14. Rad1 Bd6 15. Bb1 Re8 16. g4 Nf8 17. g5 N6d7 18. Qh5 Qe7 19. Rf3 Bc8 20. Nxd5 Qe6 21. Nxd7 Bxd7 22. Nf6+ gxf6 23. f5 Qe7 24. Qh6 Ng6 25. fxg6 fxg6 26. gxf6 Qf7 27. dxc5 Bxc5 28. Bd3 Bg4 29. Bc4 Be6 30. Rd7 Bxe3+ 31. Rxe3 Qxd7 32. Rxe6 1-0